00604nam a2200169 i 450000100060000000300090000600500170001500700030003200800410003510000280007624501080010426000420021230000220025485200210027699900170029795201200031478964ES-MaACL20230906173850.0t|041018s1927 gw ||||1| ger d1 aHeller, Hermann.96244114aDie Souveränität b: ein Beitrag zur theorie des Staats- und Völkerrechts / cvon Hermann Heller. aBerlin : bWalter de Gruyter, c1927. a177 p. ; c24 cm. aES-MaACLjA-1915 c78964d78964 00104070aATENEOMbATENEOMcSPP1d2008-01-17eSCl0oA-1915p1082580r2023-02-23 00:00:00w2023-02-23yMONOGRAFIA